Privatisation and buy-outs in the USSR.
Definícia pojmov "skupovanie" podnikov, "zamestnanecké skupovanie" a "riadenie skupovania". Úloha skupovania v postupnej alebo rýchlej privatizácii a strednej a východnej Európe - príklad a porovnanie privatizačných procesov na Západe. Problematika a formy privatizácie v bývalom ZSSR. Štruktúra vlas...
Salvato in:
| Autore principale: | |
|---|---|
| Altri autori: | , |
| Natura: | Capitolo di libro |
| Lingua: | inglese |
| Soggetti: | |
| Tags: |
Nessun Tag, puoi essere il primo ad aggiungerne!!
|
MARC
| LEADER | 00000naa a2200000 4500 | ||
|---|---|---|---|
| 001 | r009709 | ||
| 005 | 20221213085310.3 | ||
| 041 | 0 | |a eng | |
| 044 | |a GB | ||
| 245 | 1 | 0 | |a Privatisation and buy-outs in the USSR. |c I. Filatotchev, T. Buck, M. Wright |
| 520 | |a Definícia pojmov "skupovanie" podnikov, "zamestnanecké skupovanie" a "riadenie skupovania". Úloha skupovania v postupnej alebo rýchlej privatizácii a strednej a východnej Európe - príklad a porovnanie privatizačných procesov na Západe. Problematika a formy privatizácie v bývalom ZSSR. Štruktúra vlastníctva základných prostriedkov v ZSSR v r. 1990. Leasing. | ||
| 610 | 2 | 0 | |a privatizácia |
| 610 | 2 | 0 | |a ZSSR |
| 610 | 2 | 0 | |a reformy hospodárske |
| 610 | 2 | 0 | |a hospodárstvo trhové |
| 610 | 2 | 0 | |a 1990-1991 |
| 610 | 2 | 0 | |a lízing |
| 610 | 2 | 0 | |a aukcie |
| 610 | 2 | 0 | |a vlastníctvo |
| 610 | 2 | 0 | |a podnik |
| 100 | 1 | |a Filatotchev, I. | |
| 700 | 1 | |a Buck, T. | |
| 700 | 1 | |a Wright, M. | |